Kyberšikanovanie nový pohľad na starý problém

Definícia, formy a dôsledky šikanovania v spoločnosti. Téma šikanovania na školách, nové pojmy a prejavy "cyberbullying" (kyberšikanovanie). Prevencia školskej šikany a kyberšikanovania.

Guardado en:
Detalles Bibliográficos
Autor principal: Kurčíková, Katarína
Formato: Capítulo de libro
Lenguaje:eslovaco
Materias:
Etiquetas: Agregar Etiqueta
Sin Etiquetas, Sea el primero en etiquetar este registro!

MARC

LEADER 00000naa a2200000 4500
001 0163862
005 20241024132342.4
041 0 |a slo 
044 |a SK 
245 1 0 |a Kyberšikanovanie  |b nový pohľad na starý problém  |c Katarína Kurčíková 
520 |a Definícia, formy a dôsledky šikanovania v spoločnosti. Téma šikanovania na školách, nové pojmy a prejavy "cyberbullying" (kyberšikanovanie). Prevencia školskej šikany a kyberšikanovania. 
610 2 0 |a školy 
610 2 0 |a pedagogika 
610 2 0 |a kolektív 
610 2 0 |a konflikty 
610 2 0 |a diskriminácia 
610 2 0 |a činy trestné 
610 2 0 |a agresia 
610 2 0 |a prevencia 
610 2 0 |a kyberšikana 
100 1 |a Kurčíková, Katarína